000 00415nam a2200157Ia 4500
003 LK-CoDNM
008 010623t1901 xxu||||| |||| 00| 1 eng d
040 _aLK-CoDNM
_dLK-CoDNM
_eLK-CoDNM
041 _aeng
080 _a340.61
_bEDM
100 _aEdmands,Cyrus R.
245 _aCicero's Three Books of Offices Or Moral Duties
260 _bGeorge Bell Sons
_aLondon
_c1901
300 _bp.342, 19 cm
942 _cBK
999 _c85113
_d85113